[Event "GER-chT Betriebe 17th"]
[Site "Berlin"]
[Date "2017.11.02"]
[Round "2.3"]
[White "Genz, Andreas"]
[Black "Baader, Matthieu"]
[Result "0-1"]
[WhiteElo "1640"]
[BlackElo "1492"]
[PlyCount "93"]
[EventDate "2017.11.02"]
[EventType "team-swiss"]
[EventRounds "7"]
[EventCountry "GER"]
[SourceTitle "EXT 2020"]
[Source "ChessBase"]
[SourceDate "2019.10.17"]
[SourceVersion "1"]
[SourceVersionDate "2019.10.17"]
[SourceQuality "1"]
[WhiteTeam "Berlin Osram II"]
[BlackTeam "Duesseldorf Vodafone II"]
[WhiteTeamCountry "GER"]
[BlackTeamCountry "GER"]

1. c4 c5 2. g3 e5 3. Nc3 d6 4. Bg2 Nc6 5. Nf3 Be7 6. 0-0 f5 7. d3 Nf6 8. e4 0-0 9. Be3 Rb8 10. a3 Kh8 11. Nd5 fxe4 12. dxe4 Nxe4 13. Nxe7 Qxe7 14. Qd5 Nf6 15. Qd2 Na5 16. Qc2 Bg4 17. Nd2 Nc6 18. h3 Bh5 19. Rae1 Bg6 20. Qd1 Nd4 21. Bxd4 cxd4 22. f4 Qc7 23. f5 Bf7 24. b3 b5 25. Qe2 bxc4 26. bxc4 Rb2 27. Qd3 Rfb8 28. Rc1 h6 29. g4 Qa5 30. Rfd1 Be8 31. Ne4 Ba4 32. Re1 R8b3 33. Qf1 Rxa3 34. Nxd6 Raa2 35. Bh1 Qd2 36. Re2 Qxe2 37. Qxe2 Rxe2 38. c5 Rac2 39. Ra1 Rxc5 40. Bf3 Rd2 41. Nb7 Rc3 42. Rd1 Bxd1 43. Nd6 Kg8 44. Nb5 Rb3 45. Nxa7 Be2 46. Nc6 d3 47. Nxe5 0-1